000 00282nam a2200109Ia 4500
008 220120s9999||||xx |||||||||||||| ||und||
100 _aBahrami, Ali
245 0 _aObject orianted systems develoment
260 _aMc graw hill
_bNew Delhi
_c1999
300 _b0
650 _aMATHEMATICS
999 _c136808
_d136808